2022 Competitive Senate Elections - Statistics

General Stats
  • This quiz has been taken 530 times
  • The average score is 9 of 10
Answer Stats
Cook Inside Elections Sabato First Letter Answer % Correct
Likely Republican Battleground Likely Republican F Florida
98%
Lean Democrat Battleground Lean Democrat G Georgia
98%
Tossup Battleground Tossup P Pennsylvania
98%
Lean Democrat Battleground Lean Democrat A Arizona
96%
Lean Republican Solid Republican Likely Republican O Ohio
95%
Lean Republican Battleground Lean Republican W Wisconsin
95%
Likely Democrat Battleground Lean Democrat N Nevada
93%
Likely Democrat Battleground Lean Democrat N New Hampshire
91%
Tossup Battleground Lean Republican N North Carolina
90%
Solid Republican Solid Republican Likely Republican M Missouri
84%
No matching quizzes found
Score Distribution
Percent of People with Each Score
Percentile by Number Answered
Your Score History
You have not taken this quiz